000 00589nam a2200229Ia 4500
001 890
003 GE_BSU
008 181216s||||||||xx |||||||||||||| ||und||
040 _cGE_BSU
080 _a808.5(075.8)
100 _aГоловин, Б.Н.
245 _aОсновы Культуры Речи.
245 _bДля студ. высш. учеб. заведений
250 _aИзд. 2-е
260 _aМосква
260 _bВысшая Школа
260 _c1988
300 _a320 п.
541 _h8 л.
653 _aКультуры Речи
942 _cBK
999 _c35050
_d35050